000 00853cab a2200277 4500
001 ABS59557
008 090401t1998 xxu||||| |||| 00| 0 eng d
035 _a(Sirsi) u89177
041 _aeng
100 _aEdge, J
245 _aClearing up terms designed to confuse
260 _c1998
350 _a0
490 _aProperty Week
_v63(23) 2 October 1998, 37(1)
520 _aHighlights the restricting and unclear definitions of `market value` and `fair value`, suggesting that there needs to be more harmonisation of the terms.
650 _aDEFINITIONS
650 _aFAIR VALUE
650 _aINTERNATIONAL ACCOUNTING STANDARDS
650 _aINTERNATIONAL VALUATION STANDARDS
650 _aMARKET VALUE
650 _aSPECIFIED DATE
650 _aTERMINOLOGY
690 _aRATING AND VALUATION
942 _n0
948 _c21/10/1998
999 _c56397
_d56397